=LDR 00000nam 2200000 4500 =001 INLIS000000000045821 =990 ##$$a 21422645 =005 20150211074755.0 =990 ##$$a 21422642 =006 =990 ##$$a 21422643 =007 =990 ##$$a 21422644 =008 =990 ##$$a 21422646 =020 ##$$a 978-602-3168-49-1 =035 ##$$0010-021500000000381 =040 ##$$a NBPDMAT =082 ##$$a 372 350 724 =090 ##$$a 372 350 724 $b Dew m =100 ##$$a Dewi Suartini =245 ##$$a Mengenal Magnet : $b Seri Sains Dasar / $c Dewi Suartini ; editor, Topan A. mugni =260 ##$$a [s.l] : $b Albana $c 2007 =300 ##$$a iv, 166 hlm $b Ilus $c 24 cm =500 ##$$a Bibliografi : hal. 116 =650 ##$$a Sains - Eksperimen =650 ##$$a Magnet - Eksperimen =700 ##$$a Topan A. Mugni